000 00445nam a2200169Ia 4500
003 GCL
008 140319s9999 xx 000 0 eng d
040 _aGCL /
_cGCL
082 0 4 _a909.097671
_bL G
100 1 _aJOMIER, JACQUES
245 1 0 _aLA GRANDE EPREUVE: UTHMAN /
_cJOMIER, JACQUES
700 1 _aLOUCA, ANOUAR
260 _a[S.N] :
_bLIBRAIRIE PHILOSOPHIQUE ،
_c1974
300 _a158 P
650 0 4 _aISLAMIC EMPIRE
942 _2ddc
_cBK
999 _c14074
_d14074